000
00297nam a22001337a 4500
008
180924b xxu||||| |||| 00| 0 eng d
020
_a
9780764144585
041
_a
eng
080
_a
370
100
_a
25
101
_a
EDU
245
_a
E-Z American Sign Language
_c
Stewart,D.A
942
_2
udc
_c
BK
999
_c
48335
_d
48335